000
00346nam a2200145Ia 4500
003
OSt
005
20231221060026.0
008
170524s9999 xx 000 0 und d
020
_a
9788126123315
040
_c
IIMT UNIVERSITY
100
_a
NAYYAR SHAMSI
245
0
_a
JOURNALISM : THE NEWS
260
_b
ANMOL PUB. : NEW DELHI
942
_2
ddc
_c
01
999
_c
9223
_d
9223